000 00447nam a2200169Ia 4500
008 240729s9999 xx 000 0 und d
022 _a2805-3117
245 0 _aInternational Journal of Equine Science
260 _aEgypt
260 _bRasayely
650 _a Animal culture
650 _a Veterinary medicine
650 _aAgriculture
856 _uhttps://doaj.org/toc/55aea27919544cf7b06709ab9dd3b97a
942 _2ddc
942 _cDOAJEJ
999 _c75082
_d75082
945 _a1
_bMadushi Gamage
_c1
_dMadushi Gamage